000 00686nam a22002297a 4500
003 UA-OsUOA
001 100700
007 ta
008 20130529b un ||||| |||| 00| 0 ukr d
100 _aХетагуров К.
090 _a821.35
_bХ41
942 _cBK
040 _aUA-OsUOA
_brus
_cUA-OsUOA
_dUA-OsUOA
245 _aСобрание сочинений в трех томах
_b1
_cИрон Фендер. Осетинская лира
300 _a333 с.
955 _a3
041 _arus
080 _a821.35
260 _aМ.
_bАкадемиянаук СССР
_c1951
650 7 _a82 Література. Літературознавство
_2UDC
999 _c386884
_d386884